Manual de estadística agraria / (Record no. 97036)

MARC details
000 -LEADER
campo de control de longitud fija 00656nas a2200205 i 4500
001 - NÚMERO DE CONTROL
campo de control 97036
003 - IDENTIFICADOR DE NÚMERO DE CONTROL
campo de control ES-MaACL
005 - FECHA Y HORA DE LA ÚLTIMA TRANSACCIÓN
campo de control 20250217134826.0
007 - CAMPO FIJO DE DESCRIPCIÓN FÍSICA--INFORMACIÓN GENERAL
campo de control de longitud fija t|
008 - DATOS DE LONGITUD FIJA--INFORMACIÓN GENERAL
campo de control de longitud fija 050705c1980 sp | |0010||pa d
022 ## - NÚMERO INTERNACIONAL NORMALIZADO PARA PUBLICACIONES SERIADAS
Número Internacional Normalizado para Publicaciones Seriadas 2478-7493
245 00 - MENCIÓN DEL TÍTULO
Título Manual de estadística agraria /
Mención de responsabilidad, etc. [publicación elaborada por la Subdirección General de Estadística].
260 ## - PUBLICACIÓN, DISTRIBUCIÓN, ETC.
Lugar de publicación, distribución, etc. Madrid :
Nombre del editor, distribuidor, etc. Ministerio de Agricultura,
Fecha de publicación, distribución, etc. 1980-
300 ## - DESCRIPCIÓN FÍSICA
Extensión 101 p. ;
Dimensiones 16 cm.
650 #4 - PUNTO DE ACCESO ADICIONAL DE MATERIA--TÉRMINO DE MATERIA
Término de materia o nombre geográfico como elemento de entrada Agricultura-
Subdivisión geográfica España-
Subdivisión de forma Estadísticas.
9 (RLIN) 143450
710 1# - ENTRADA AGREGADA--NOMBRE DE ENTIDAD CORPORATIVA
Nombre de entidad corporativa o nombre de jurisdicción como elemento de entrada España.
Unidad subordinada Ministerio de Agricultura.
9 (RLIN) 3837
852 ## - LOCALIZACIÓN
Ubicación ES-MaACL
Número de control de estantería A-10973
Sublocalización o colección R.100585
866 #0 - MENCIÓN TEXTUAL DE FONDOS--UNIDAD BIBLIOGRÁFICA BÁSICA
Fondos 1980.
Holdings
Estatus retirado Estado de pérdida Estado de daño No para préstamo Colección Biblioteca de origen Biblioteca actual Ubicación en estantería Fecha de adquisición Fuente de adquisición Total de préstamos Signatura topográfica completa Código de barras Visto por última vez Precio de reemplazo Tipo de ítem Koha
        Periódicos y Revistas Biblioteca del Ateneo de Madrid Biblioteca del Ateneo de Madrid Depósito 1 17/01/2008     A-10973 1101307 23/02/2023 23/02/2023 Revista